English population history from family reconstitution 1580-1837

Αποθηκεύτηκε σε:
Λεπτομέρειες βιβλιογραφικής εγγραφής
Κύριος συγγραφέας: Wrigley, E. A.
Μορφή: Βιβλίο
Γλώσσα:English
Δημοσίευση: Cambridge : Cambridge University Press, c1997
Σειρά:Cambridge studies in population, economy and society in past time ; ; 32
Θέματα:
Ετικέτες: Προσθήκη ετικέτας
Δεν υπάρχουν, Καταχωρήστε ετικέτα πρώτοι!

MARC

LEADER 00000cam a2200000 i 4500
001 1/93477
008 991120s1997 eng d
020 |a 0-521-59015-9 
035 |l 10054423 
040 |a GR-MY-UA  |b gre  |e aacr 
041 0 |a eng 
082 0 |a 304.60942 
100 1 |a Wrigley, E. A. 
245 1 0 |a English population history from family reconstitution 1580-1837 /  |c E. A. Wrigley ... et. al. 
260 |a Cambridge :   |b Cambridge University Press,   |c c1997 
300 |a 657 p.  |b fig.; tabl. 
490 1 |a Cambridge studies in population, economy, and society in past time  |v ; 32 
504 |a Includes bibliographical references and index 
650 0 0 |a Fertility, human  |z England  |x History. 
650 0 0 |a Family reconstitution  |z England  |x History. 
650 0 0 |a Mortality  |z England  |x History. 
651 0 |a England  |x Population  |x History. 
830 0 |a Cambridge studies in population, economy and society in past time ;  |v ; 32 
852 |a INST  |b LESVOS  |e 19991120  |h 304.60942 WRI  |p 005100018989  |q 005100018989  |t BK  |y 0 
852 |a INST  |b LESVOS  |e 20080515  |h 304.60942 WRI  |p 005100042524  |q 005100042524  |t BK  |y 0 
901 |a BIBL1-1999-3 
901 |a BIBL1-2008-2 
909 |a Λ  |b 069550 
909 |a Λ  |b 144045 
922 |a 1ΕΛΗ  |b 200801  |c ΕΠΕΑΕΚ2/ΤΚΑ  |d ΠΑΠΑΣΩΤΗΡΙΟΥ 
970 |a ΜΟΥΣΤΑΚΑ  |b ΠΗΝΕΛΟΠΗ  |z 1999/11/20